| 000 | 00314nam a2200109 4500 | ||
|---|---|---|---|
| 008 | 180217b xxu||||| |||| 00| 0 eng d | ||
| 245 | _aBetter growth monitoring needed to spot childhood diseases. | ||
| 260 |
_aDavao City _bSun Star Davao _cc2016 |
||
| 300 | _apage 6. | ||
| 650 | 0 |
_926611 _aDiseases. |
|
| 942 |
_2ddc _cPER |
||
| 999 |
_c8720 _d8720 |
||